00373nam a22001337a 450000500170000000800410001704100230005808200120008110000120009324500310010526000480013630000300018465000250021420240805060905.0240805b |||||||| |||| 00| 0 eng d aEnglish/Afrikaans  a349 SOU lEnglish aSouth African Law Reports  aJohannesburg: bDigma Publications, c1935  bxlvi, 719 pages; c25 cm. aLegal practice bLaw